<?xml version="1.0" encoding="UTF-8"?>
<collection xmlns="http://www.loc.gov/MARC21/slim">
 <record>
  <leader>01730nam a2200193Ia 4500</leader>
  <controlfield tag="001">TDMU_21992</controlfield>
  <controlfield tag="008">210410s9999    xx            000 0 und d</controlfield>
  <datafield tag="082" ind1=" " ind2=" ">
   <subfield code="a">657.4</subfield>
  </datafield>
  <datafield tag="090" ind1=" " ind2=" ">
   <subfield code="b">L250</subfield>
  </datafield>
  <datafield tag="100" ind1=" " ind2=" ">
   <subfield code="a">Lê, Thị Nụ</subfield>
  </datafield>
  <datafield tag="245" ind1=" " ind2="0">
   <subfield code="a">Kế toán lưu chuyển hàng hóa và xác định kết quả kinh doanh tại công ty TNHH Thương Mại và Dịch Vụ Phú Thái trong tháng 12 năm 2013</subfield>
  </datafield>
  <datafield tag="245" ind1=" " ind2="0">
   <subfield code="c">Lê Thị Nụ; ThS. Nguyễn Thị Tuyết Nhung (Hướng dẫn)</subfield>
  </datafield>
  <datafield tag="260" ind1=" " ind2=" ">
   <subfield code="a">Bình Dương, 2014</subfield>
  </datafield>
  <datafield tag="300" ind1=" " ind2=" ">
   <subfield code="a">61tr</subfield>
  </datafield>
  <datafield tag="520" ind1=" " ind2=" ">
   <subfield code="a">Chuyên ngành: Kế toán; TM tài liệu tham khảo và phụ lục sau phần kết luận; Khóa luận tốt nghiệp Cao đẳng trường Đại học Thủ Dầu Một, 2011- 2014; Khóa luận tìm hiểu  cơ sở lý luận về hạch toán lưu chuyển hàng hóa nội thương trong doanh nghiệp thương mại; Mô tả thực trạng công tác hạch toán lưu chuyển hàng hóa tại công ty TNHH Thương Mại và Dịch vụ Phú Thái; Đề xuất một số kiến nghị đối với công tác hạch toán lưu chuyển hàng hóa tại công ty TNHH Thương Mại Dịch Vụ Phú Thái</subfield>
  </datafield>
  <datafield tag="650" ind1=" " ind2=" ">
   <subfield code="a">Khóa luận; Kế toán lưu chuyển hàng hóa</subfield>
   <subfield code="x">Công ty TNHH Thương Mại Dịch Vụ Phú Thái; Công ty TNHH Thương Mại Dịch Vụ Phú Thái</subfield>
   <subfield code="x">Kế toán lưu chuyển hàng hóa</subfield>
  </datafield>
  <datafield tag="700" ind1=" " ind2=" ">
   <subfield code="a">Nguyễn Thị Tuyết Nhung</subfield>
  </datafield>
  <datafield tag="856" ind1=" " ind2=" ">
   <subfield code="u">http://lrc.tdmu.edu.vn/opac/search/detail.asp?aID=2&amp;ID=21992</subfield>
  </datafield>
  <datafield tag="980" ind1=" " ind2=" ">
   <subfield code="a">Trung tâm Học liệu Trường Đại học Thủ Dầu Một</subfield>
  </datafield>
 </record>
</collection>
